Bassmaster Classic Champions - Statistics

General Stats
  • This quiz has been taken 23 times
  • The average score is 15 of 53
Answer Stats
Hint Answer % Correct
2001 Kevin VanDam
100%
2005 Kevin VanDam
100%
2010 Kevin VanDam
100%
2011 Kevin VanDam
100%
2020 Hank Cherry
67%
2021 Hank Cherry
67%
2022 Jason Christie
56%
2023 Jeff Gustafson
56%
1976 Rick Clunn
56%
1977 Rick Clunn
56%
1984 Rick Clunn
56%
1990 Rick Clunn
56%
2017 Jordan Lee
44%
2018 Jordan Lee
44%
2019 Ott Defoe
44%
1974 Tommy Martin
44%
2008 Alton Jones
33%
2015 Casey Ashley
33%
1979 Hank Parker
33%
1989 Hank Parker
33%
2003 Michael Iaconelli
33%
2014 Randy Howell
33%
2009 Skeet Reese
33%
1993 David Fritts
22%
1999 Davy Hite
22%
1997 Dion Hibdon
22%
1988 Guido Hibdon
22%
1995 Mark Davis
22%
1971 Bobby Murray
11%
1978 Bobby Murray
11%
2012 Chris Lane
11%
1998 Denny Brauer
11%
2016 Edwin evers
11%
1987 George Cochran
11%
1996 George Cochran
11%
1991 Ken Cook
11%
1983 Larry Nixon
11%
2006 Luke Clausen
11%
1982 Paul Elias
11%
2004 Takahiro Omori
11%
2000 Woo Daves
11%
1980 Bo Dowen
0%
2007 Boyd Duckett
0%
1994 Bryan Kerchal
0%
1986 Charlie Reed
0%
2013 Cliff Pace
0%
1972 Don Butler
0%
1985 Jack Chancellor
0%
1975 Jack Hains
0%
2002 Jay Yelas
0%
1973 Rayo Breckenridge
0%
1992 Robert Hamilton Jr
0%
1981 Stanley Mitchell
0%
No matching quizzes found
Score Distribution
Percent of People with Each Score
Percentile by Number Answered
Your Score History
You have not taken this quiz